Les numéros de départements français - Erreurs éliminatoires - Statistiques

Statistiques générales
  • Ce quiz a été pris 277 fois
  • Le résultat moyen est 10 sur 20
Statistiques - réponses
Département Numéro % Correct
Savoie 73
82%
Bouches-du-Rhône 13
75%
Paris 75
74%
Îlle-et-Vilaine 35
73%
Ain 01
71%
Rhône 69
70%
Aude 11
67%
Hérault 34
67%
Seine-Saint-Denis 93
67%
Aisne 02
66%
Morbihan 56
65%
Alpes-Maritimes 06
64%
Gironde 33
64%
Côtes d'Armor 22
62%
Nord 59
62%
Oise 60
61%
Pas-de-Calais 62
61%
Charente 16
60%
Aube 10
59%
Cantal 15
59%
Gers 32
59%
Isère 38
59%
Ardêche 07
58%
Seine-Maritime 76
58%
Somme 80
58%
Allier 03
57%
Loire 42
57%
Vendée 85
57%
Hauts-de-Seine 92
57%
Charente-Maritime 17
56%
Marne 51
56%
Haute-Marne 52
56%
Hautes-Pyrénées 65
56%
Doubs 25
55%
Gard 30
55%
Haute-Savoie 74
55%
Var 83
54%
Corse-du-Sud 2A
53%
Pyrénées-Atlantiques 64
53%
Sarthe 72
53%
Seine-et-Marne 77
53%
Essonne 91
53%
Hautes-Alpes 05
52%
Finistère 29
52%
Saône-et-Loire 71
52%
Yvelines 78
52%
Val-de-Marne 94
52%
Corrèze 19
51%
Eure 27
51%
Indre 36
51%
Haute-Garonne 31
50%
Haute-Loire 43
50%
Loire-Atlantique 44
50%
Moselle 57
50%
Vienne 86
50%
Manche 50
49%
Ardennes 08
48%
Ariège 09
48%
Côte-d'Or 21
48%
Yonne 89
48%
Eure-et-Loir 28
47%
Landes 40
47%
Meuse 55
47%
Bas-Rhin 67
47%
Deux-Sèvres 79
47%
Territoire-de-Belfort 90
47%
Aveyron 12
46%
Meurthe-et-Moselle 54
46%
Puy-de-Dôme 63
46%
Orne 61
45%
Haut-Rhin 68
45%
Tarn 81
45%
Lot-et-Garonne 47
44%
Haute-Saône 70
44%
Cher 18
43%
Jura 39
43%
Lot 46
42%
Pyrénées-Orientales 66
42%
Vaucluse 84
42%
Drôme 26
41%
Nièvre 58
41%
Tarn-et-Garonne 82
41%
Loiret 45
40%
Mayenne 53
40%
Dordogne 24
39%
Calvados 14
38%
Haute-Corse 2B
37%
Maine-et-Loire 49
37%
Haute-Vienne 87
37%
Alpes de Haute-Provence 04
36%
Creuse 23
35%
Indre-et-Loire 37
34%
Loir-et-Cher 41
34%
Vosges 88
33%
Lozère 48
31%
Val-d'Oise 95
29%
Aucun quiz correspondant
Distribution des résultats
% des personnes avec chaque résultat
Percentile par nombre de réponses
Votre historique - résultats
Vous n’avez pas pris ce quiz